| 000 | 00595nam a2200169Ia 4500 | ||
|---|---|---|---|
| 008 | 090201s9999 xx 000 0 und d | ||
| 010 | _aKPL-22827 | ||
| 040 | _bमराठी | ||
| 041 | _aमराठी | ||
| 082 |
_a5404 _b22827 |
||
| 100 | _aसिंधु केतकर | ||
| 245 |
_aस्त्रियांचे आरोग्य _cसिंधु केतकर |
||
| 260 |
_c2004 _bचिटणीस समाजवादी महीला सभा |
||
| 300 |
_a52 _bमोठा |
||
| 600 | _aस्त्रियांचे आरोग्य | ||
| 942 | _cBOOK | ||
| 999 |
_c206320 _d206320 |
||